书目信息 |
| 题名: |
中国好设计
|
|
| 作者: | 克里福德·皮尔逊 编 ;韩雪婷 译 | |
| 分册: | ||
| 出版信息: | 沈阳 辽宁科学技术出版社 2011.02 |
|
| 页数: | 327页 | |
| 开本: | 31cm | |
| 丛书名: | ||
| 单 册: | ||
| 中图分类: | TU206 | |
| 科图分类: | ||
| 主题词: | 建筑设计--jian zhu she ji--中国--现代--图集 | |
| 电子资源: | ||
| ISBN: | 978-7-5381-6664-4 | |
| 000 | 01114nam0 2200289 450 | |
| 001 | 1135489062 | |
| 005 | 20110718095150.35 | |
| 010 | @a978-7-5381-6664-4@b精装@dCNY258.00 | |
| 100 | @a20110421d2011 ekmy0chiy0121 ea | |
| 101 | 2 | @achi@aeng@ceng |
| 102 | @aCN@b210000 | |
| 105 | @aae z 001yy | |
| 106 | @ar | |
| 200 | 1 | @a中国好设计@Azhong guo hao she ji@d= Good design in China@f(美) 克里福德·皮尔逊编@F(mei)ke li fu de·pi er xun bian@g韩雪婷译@zeng |
| 210 | @a沈阳@c辽宁科学技术出版社@d2011.02 | |
| 215 | @a327页@c图@d31cm | |
| 320 | @a有索引 | |
| 330 | @a本书选择中国在2006~2010年期间,评选出46个优秀公共建筑、商业建筑、住宅建筑和历史保护建筑,体现了当代中国建筑的影响力。 | |
| 333 | @a建筑设计爱好者、建筑设计从业人员及相关读者。 | |
| 510 | 1 | @aGood design in China@zeng |
| 586 | @a | |
| 606 | 0 | @a建筑设计@Ajian zhu she ji@y中国@z现代@j图集 |
| 690 | @aTU206@v5 | |
| 701 | 1 | @a克里福德·皮尔逊@Ake li fu de·pi er xun@g(Pearson, Clifford A.)@4编@a克里福德·皮尔逊@Ake li fu de·pi er xun@4编 |
| 702 | 0 | @a韩雪婷@Ahan xue ting@4译 |
| 801 | 0 | @aCN@c20110610 |
| 905 | @dTU206@eP615@f3 | |
| 中国好设计= Good design in China/(美) 克里福德·皮尔逊编/韩雪婷译.-沈阳:辽宁科学技术出版社,2011.02 |
| 327页:图;31cm |
| 使用对象:建筑设计爱好者、建筑设计从业人员及相关读者。 |
| ISBN 978-7-5381-6664-4(精装):CNY258.00 |
| 本书选择中国在2006~2010年期间,评选出46个优秀公共建筑、商业建筑、住宅建筑和历史保护建筑,体现了当代中国建筑的影响力。 |
| ● |
| 相关链接 |
|
|
|
正题名:中国好设计
索取号:TU206/P615
 
预约/预借
| 序号 | 登录号 | 条形码 | 馆藏地/架位号 | 状态 | 备注 |
| 1 | 885914 | 208859145 | 建筑库101/101建筑库 42排4列2层/ [索取号:TU206/P615] | 在馆 | |
| 2 | 885915 | 208859154 | 建筑库101/101建筑库 42排4列2层/ [索取号:TU206/P615] | 在馆 | |
| 3 | 885916 | 208859163 | 建筑库101/101建筑库 103排2列1层/ [索取号:TU206/P615] | 在馆 |